| 000 | 02164nam a2200373 a 4500 | ||
|---|---|---|---|
| 001 | 000034459 | ||
| 003 | DO-SdBPM | ||
| 005 | 20251202112114.0 | ||
| 007 | ta | ||
| 008 | 111004s1995 dr acg 000 0 spa d | ||
| 040 |
_aDO-SdBPM _bspa _cBPMSU _erda |
||
| 082 | 4 |
_a780.97293 _bI37p 1995 _222 |
|
| 100 | 1 |
_aIncháustegui, Arístides, _d1938- _eautor _4aut. |
|
| 245 | 1 | 0 |
_aPor amor al arte : _bnotas sobre música, compositores e intérpretes dominicanos / _cArístides Incháustegui. |
| 260 | _a | ||
| 264 |
_aSanto Domingo : _bSecretaría de Estado de Educación, Bellas Artes y Cultos, _c1995. |
||
| 300 |
_a398 páginas : _bilustraciones, música, retratos. ; _c29 cm. |
||
| 336 |
_atexto _btxt _2rdacontent |
||
| 337 |
_asin mediación _bn _2rdamedia |
||
| 338 |
_avolumen _bnc _2rdacarrier |
||
| 500 | _aIncluye índice onomástico. | ||
| 505 | 0 |
_tCompositores dominicanos -- _tFamilias dominicanas de músicos -- _tMúsicos extranjeros pioneros en el país -- _tPianistas dominicanos -- _tViolinistas dominicanos -- _tCantantes dominicanos -- _tApuntes para la historia del Himno Dominicano -- _tEn el cincuentenario de La Voz Dominicana -- _tLa nueva bachata dominicana -- _tAntonio Mesa en el centenario de su nacimiento -- _tRecitales de música dominicana -- _tEl disco en la República Dominicana -- _tDiscografía de Eduardo Brito -- _tDiscografía de Antonio Mesa -- _tStokowski y el merengue dominicano: primeras grabaciones de Luis Alberti -- _gAdenda: _tMi amigo Alfredo Sadel (1930-1989) -- _tEl arte de Luis Carbonell (1923) -- _tEl arte de Néstor Mesta Chayres (1908-1971) -- _tEl arte de Pedro Vargas (1906-1989) -- _gÍndice onomástico. |
|
| 590 | _aInventariado, 2025/VM | ||
| 650 | 7 |
_aMúsicos dominicanos _vBiografías |
|
| 650 | 7 | _aCompositores dominicanos | |
| 650 | 7 |
_aMúsica dominicana _xHistoria y crítica |
|
| 650 | 7 |
_aMúsica popular dominicana _xAutores y editores |
|
| 650 | 7 |
_aMúsica popular dominicana _xDiscografía |
|
| 650 | 7 |
_aIndustria de la música _zRepública Dominicana |
|
| 650 | 4 | _aHimnos patrióticos dominicanos | |
| 650 | 7 | _aMúsica en el arte | |
| 910 | _aVMateo. Control de calidad. BPMSU | ||
| 942 |
_2ddc _cBK |
||
| 999 |
_c13183 _d13183 |
||